| 000 | 01268cab a22002055a 4500 | ||
|---|---|---|---|
| 001 | L143233 | ||
| 008 | 080418e20080125xxkd f v 000 0 eng d | ||
| 035 | _a(Sirsi) u143233 | ||
| 041 | 0 | _aeng | |
| 100 | 1 | _aRoss, Jonathan | |
| 245 | 0 | 0 |
_aNowhere to Ryan _bcase news |
| 260 | _c2008 | ||
| 490 | 0 |
_aProperty Week _v73(4) 25 January 2008, 76(1) |
|
| 520 | _aCommercial agreements cannot cover all eventualities, and the courts have the right to introduce terms to ensure parties honour their intended obligations. SR Technics provides maintenance services to Ryanair. To enhance the contract's profitability, the airline occupied a Dublin hangar, but without a proposed 15 year licence, on which the parties did not agree. The landlord tried to evict the airline after the landlord offered it a large sum to surrender the lease. The court granted an injunction to prevent eviction and ordered SR Technics to use its best endeavours to gain consent from the landlord for the airline to stay for 15 years, or as long as was reasonable. | ||
| 590 | _aKA | ||
| 650 | 2 | 4 | _aRYANAIR V SR TECHNICS |
| 651 | 4 |
_aEngland and Wales _y1543- |
|
| 690 | _aPROPERTY-COMMERCIAL PROPERTY-LEASEHOLD COMMERCIAL PROPERTY-COMMERCIAL LANDLORD AND TENANT-COMMERCIAL LEASES | ||
| 942 | _n0 | ||
| 999 |
_c80100 _d80100 |
||